000 00309nam a22001337a 4500
008 181102b xxu||||| |||| 00| 0 eng d
020 _a0312003420
041 _aeng
080 _a101
100 _a24
101 _aFIL
245 _aCritical Strategies for Academic Writing
_cKiniry.M
942 _2udc
_cBK
999 _c51767
_d51767